[Event "CHN-ch (Women)"]
[Site "Xinghua"]
[Date "2013.04.19"]
[Round "4"]
[White "Ren, Xiao Yi"]
[Black "Ni, Shiqun"]
[Result "1/2-1/2"]
[WhiteElo "2212"]
[BlackElo "2213"]
[PlyCount "60"]
[EventDate "2013.04.16"]
[EventType "tourn"]
[EventRounds "11"]
[EventCountry "CHN"]
[EventCategory "3"]
[SourceTitle "CBM 154 Extra"]
[Source "ChessBase"]
[SourceDate "2013.06.25"]
[SourceVersion "2"]
[SourceVersionDate "2013.06.25"]
[SourceQuality "1"]

1. d4 Nf6 2. c4 g6 3. Nc3 d5 4. e3 Bg7 5. cxd5 Nxd5 6. Qb3 Nxc3 7. bxc3 0-0 8. Nf3 c5 9. Ba3 b6 10. Rd1 Qc7 11. h4 Bg4 12. Be2 Nd7 13. 0-0 Rac8 14. Qa4 Rfd8 15. Rfe1 e6 16. e4 Bxf3 17. Bxf3 Qf4 18. h5 cxd4 19. cxd4 Nf6 20. hxg6 hxg6 21. e5 Nd5 22. Bxd5 Rxd5 23. Bd6 Bf8 24. Bxf8 Kxf8 25. Re3 Rc7 26. Rh3 Rcd7 27. Rf3 Qh4 28. Rh3 Qf4 29. Rf3 Qh4 30. Rh3 Qf4 1/2-1/2

[Event "CHN-chT"]
[Site "Ningbo"]
[Date "2011.10.26"]
[Round "13"]
[White "Ren, Xiao Yi"]
[Black "Cai, Jiaying"]
[Result "1-0"]
[WhiteElo "1840"]
[BlackElo "2082"]
[PlyCount "93"]
[EventDate "2011.04.12"]
[EventType "team-tourn"]
[EventRounds "18"]
[EventCountry "CHN"]
[SourceTitle "EXT 2012"]
[Source "ChessBase"]
[SourceDate "2011.11.24"]
[SourceVersion "1"]
[SourceVersionDate "2011.11.24"]
[SourceQuality "1"]
[WhiteTeam "Sichuan"]
[BlackTeam "Tianjin"]
[WhiteTeamCountry "CHN"]
[BlackTeamCountry "CHN"]

1. d4 d5 2. c4 c6 3. Nc3 Nf6 4. Nf3 dxc4 5. a4 Bf5 6. e3 e6 7. Bxc4 Bb4 8. 0-0 0-0 9. Qe2 Nbd7 10. e4 Bg6 11. Bd3 Bh5 12. e5 Nd5 13. Nxd5 cxd5 14. Qe3 Be7 15. a5 a6 16. Bd2 Nb8 17. Ne1 Bg6 18. f4 Nc6 19. Nc2 Rc8 20. g4 Bxd3 21. Qxd3 Qc7 22. Bc3 f6 23. Kh1 fxe5 24. dxe5 Rfd8 25. Ra4 Bc5 26. Nd4 Nxd4 27. Bxd4 Qc6 28. Qb3 Bxd4 29. Rxd4 Qc5 30. Rfd1 Qc7 31. Rb4 Qxa5 32. Rxb7 Rf8 33. Qe3 Qa4 34. Rf1 Qc4 35. Kg1 Rb8 36. Rxb8 Rxb8 37. Rf2 Rb4 38. Kg2 h6 39. h3 Rb3 40. Qe2 Qd4 41. Qxa6 Qe3 42. Qxe6+ Kh7 43. Qf5+ Kh8 44. g5 hxg5 45. fxg5 Qg3+ 46. Kf1 Re3 47. g6 1-0

[Event "CHN-chT"]
[Site "Ningbo"]
[Date "2011.04.13"]
[Round "2"]
[White "Ding, Yixin"]
[Black "Ren, Xiao Yi"]
[Result "1-0"]
[WhiteElo "2376"]
[BlackElo "1840"]
[PlyCount "57"]
[EventDate "2011.04.12"]
[EventType "team-tourn"]
[EventRounds "18"]
[EventCountry "CHN"]
[SourceTitle "CBM 141 Extra"]
[Source "ChessBase"]
[SourceDate "2011.05.03"]
[SourceVersion "1"]
[SourceVersionDate "2011.05.03"]
[SourceQuality "1"]
[WhiteTeam "Zhejiang"]
[BlackTeam "Sichuan"]
[WhiteTeamCountry "CHN"]
[BlackTeamCountry "CHN"]

1. e4 g6 2. d4 Bg7 3. Nc3 d6 4. Nf3 Nf6 5. h3 0-0 6. Be3 Nbd7 7. Bd3 e5 8. 0-0 a6 9. a4 b6 10. Qd2 exd4 11. Nxd4 Nc5 12. Bg5 Nxd3 13. cxd3 Bb7 14. Nc2 Qe8 15. Ne3 Qd7 16. Rac1 Rac8 17. f4 h5 18. f5 Nh7 19. f6 Bh8 20. Ned5 Bxd5 21. Nxd5 Nxg5 22. Qxg5 Kh7 23. g4 Rfe8 24. gxh5 Re5 25. hxg6+ fxg6 26. Qg3 Rh5 27. Ne7 Rh6 28. Nxc8 Qxc8 29. Qxd6 1-0